Statistiques concernant 50 Meilleurs buteurs en sélection nationale de football

Cliquez ici pour prendre le quiz!

Statistiques générales

  • Ce quiz a été pris 333 fois
  • Le résultat moyen est 15 sur 50

Statistiques - réponses

Répondre% Correct
Cristiano Ronaldo
100%
Ronaldo
99%
Lionel Messi
97%
Neymar
83%
Pelé
80%
Gerd Müller
77%
Robert Lewandowski
77%
Luis Suarez
72%
Romelu Lukaku
71%
Edinson Cavani
67%
Ferenc Puskas
66%
Didier Drogba
65%
Zlatan Ibrahimović
64%
Samuel Eto'o
61%
David Villa
56%
Miroslav Klose
54%
Harry Kane
52%
Edin Džeko
46%
Robbie Keane
32%
Romário
25%
Landon Donovan
24%
Olivier Giroud
23%
Clint Dempsey
19%
Ali Daei
17%
Sandor Kocsis
7%
Hossam Hassan
4%
Sunil Chhétri
3%
Gabriel Batistuta
3%
Ali Mabkhout
2%
Mokhtar Dahari
2%
Piyapong Pue-on
2%
Ahmed Radhi
1%
Ali Ashfaq
1%
Bader Al-Mutawa
1%
Carlos Pavón
1%
Cha Bum-geun
1%
Bachar Abdallah
1%
Carlos Ruiz
1%
Godfrey Chitalu
1%
Jasem Al-Huwaidi
1%
Kinna Phiri
1%
Majed Abdallah
1%
Hussein Saeed
1%
Imre Schlosser-Lakatos
1%
Jan Koller
1%
Kazuyoshi Miura
1%
Younis Mahmoud
1%
Jean sévère
0%
Kiatisak Senamueang
0%
Kunishige Kamamoto
0%

Distribution des résultats

Percentile par nombre de réponses

% des personnes avec chaque résultat

Votre développement - résultats

Vous n’avez pas pris ce quiz